O sociálnej deprivácii Slovenska a zmysle radikálnej autentickej ľavice pri jej prekonaní
Nevyhnutnosť vytvorenia autentického radikálne ľavicového pohľadu na dianie na Slovensku v súčasnosti. Hľadanie iných spôsobov riešenia problémov bežných ľudí v každodennom živote na Slovensku než sú tie, ktoré vládnuce politické a hospodárske kruhy ponúkajú. Nespútaný kapitalizmus. Zmietanie medzi...
Gespeichert in:
| 1. Verfasser: | |
|---|---|
| Format: | Buchkapitel |
| Sprache: | Slowakisch |
| Schlagworte: | |
| Tags: |
Keine Tags, Fügen Sie das erste Tag hinzu!
|
MARC
| LEADER | 00000nla a2200000 4500 | ||
|---|---|---|---|
| 001 | 0185619 | ||
| 005 | 20240502073158.8 | ||
| 041 | 0 | |a slo | |
| 044 | |a SK | ||
| 245 | 1 | 0 | |a O sociálnej deprivácii Slovenska a zmysle radikálnej autentickej ľavice pri jej prekonaní |c František Škvrnda |
| 520 | |a Nevyhnutnosť vytvorenia autentického radikálne ľavicového pohľadu na dianie na Slovensku v súčasnosti. Hľadanie iných spôsobov riešenia problémov bežných ľudí v každodennom živote na Slovensku než sú tie, ktoré vládnuce politické a hospodárske kruhy ponúkajú. Nespútaný kapitalizmus. Zmietanie medzi askézou a konzumerizmom. Nevyhnutnosť reagovať ľavicovo radikálne a autenticky. | ||
| 610 | 2 | 0 | |a politika |
| 610 | 2 | 0 | |a vláda |
| 610 | 2 | 0 | |a kapitalizmus |
| 610 | 2 | 0 | |a pôžičky |
| 610 | 2 | 0 | |a banky |
| 610 | 2 | 0 | |a globalizácia |
| 610 | 2 | 0 | |a Slovensko |
| 100 | 1 | |a Škvrnda, František | |